000 00634nam a22001577a 4500
008 210331b ||||| |||| 00| 0 eng d
020 _a9781592533879
082 _a686.2 SAM
100 _aSamara, Timothy.
245 _aDesign evolution : theory into practice :
_ba handbook of basic design principles applied in contemporary design
260 _aBeverly, Mass. :
_bRockport Publishers,
_c2008.
300 _a 272 p. :
_b ill,
_c26 cm.
500 _a"Written to complement Design elements : a graphic style manual"--T.p. verso.
650 _a Graphic design (Typography)--Case studies. Commercial art--Case studies.
942 _2ddc
999 _c8680
_d8681